000 00784nam a22002657a 4500
001 52748
003 UA-OsUOA
005 20210711172240.0
007 ta
008 20080303b un ||||| |||| 00| 0 ukr d
020 _a9663643889
040 _aUA-OsUOA
_bukr
_cUA-OsUOA
_dUA-OsUOA
041 _aukr
080 _a349.1(075.8)
090 _a349.1(075.8)
_bЄ60
100 _aЄмченко І. В.
245 _aМетоди і технічні засоби митного контролю
_bнавч. посіб.
260 _aК.
_bЦНЛ
_c2007
300 _a432 с.
650 7 _a34 Право. Юриспруденція
_2UDC
700 _aЗакусілов А. П.
942 _cBK
_2udc
955 _a2
999 _c338836
_d338836